Online
Catalog

Obras escogidas : (Record no. 25800)

MARC details
000 -CABECERA
campo de control de longitud fija 00652nam a2200193 a 4500
001 - NÚMERO DE CONTROL
campo de control 000026308
005 - FECHA Y HORA DE LA ÚLTIMA TRANSACCIÓN
campo de control 20200930024500.0
008 - DATOS DE LONGITUD FIJA--INFORMACIÓN GENERAL
campo de control de longitud fija 110310s1968 dr 000 0 spa d
040 ## - FUENTE DE LA CATALOGACIÓN
Centro catalogador/agencia de origen DO-SdBNP
Lengua de catalogación spa
Centro/agencia transcriptor BNPHU
082 ## - NÚMERO DE LA CLASIFICACIÓN DECIMAL DEWEY
Número de clasificación xxxx
Número de documento/Ítem P349o
049 ## - FONDOS LOCALES (OCLC)
Fondos de biblioteca BNPD
100 1# - ENTRADA PRINCIPAL--NOMBRE DE PERSONA
Nombre de persona Peña Batlle, Manuel Arturo
9 (RLIN) 23316
245 10 - MENCIÓN DE TÍTULO
Título Obras escogidas :
Resto del título cuatro ensayos históricos /
Mención de responsabilidad, etc. Manuel Arturo Peña Batlle.
260 ## - PUBLICACIÓN, DISTRIBUCIÓN, ETC.
Lugar de publicación, distribución, etc. Santo Domingo :
Nombre del editor, distribuidor, etc. Julio D. Postigo e hijos,
Fecha de publicación, distribución, etc. 1968.
300 ## - DESCRIPCIÓN FÍSICA
Extensión v. ;
Dimensiones 24 cm.
490 1# - MENCIÓN DE SERIE
Mención de serie Pensamiento dominicano
504 ## - NOTA DE BIBLIOGRAFÍA, ETC.
Nota de bibliografía, etc. Incluye referencias bibliográficas y notas al pie de las páginas
830 #0 - PUNTO DE ACCESO ADICIONAL DE SERIE-TÍTULO UNIFORME
Título uniforme Pensamiento dominicano
9 (RLIN) 19047
Holdings
Estado de retiro Estado de pérdida Restricciones de uso No para préstamo Código de colección Localización permanente Ubicación/localización actual Ubicación en estantería Fecha de adquisición Número de inventario Total de préstamos Signatura topográfica completa Código de barras Fecha visto por última vez Precio válido a partir de Tipo de ítem Koha Nota pública
        Raros y valiosos General General En catalogación 13.07.2011 LF1   v. 1, e. 3 26308-30 25.06.2020 25.06.2020 Préstamo en sala  
        Raros y valiosos General General En catalogación 13.07.2011 LF1   v. 1, e. 4 26308-40 25.06.2020 25.06.2020 Préstamo en sala  
      Excluido de préstamo Raros y valiosos Patrimonio Dominicano Patrimonio Dominicano Depósito 10.03.2011 LF1   v. 1 26308-10 25.06.2020 25.06.2020 No se presta Perteneció a la biblioteca peersonal de Martínez Boog.
      Excluido de préstamo Raros y valiosos Patrimonio Dominicano Patrimonio Dominicano En catalogación 13.07.2011 LF1   v. 1, e. 2 26308-20 25.06.2020 25.06.2020 No se presta  

Powered by Koha